NBS: Darí sa nám dobre, ale dlhy rastú príliš rýchlo
Vývoj slovenskej ekonomiky z pohľadu NBS. Medzi kľúčové posolstvá z poslednej Správy o finančnej stabilite 2017 patria: rast úverov pri nízkych sadzbách, zvýšená zadlženosť domácností, prehblujúce sa riziko likvidity a výrzaný rast financovania podnikového sektora. Najnovšia informácia sa týka ďalši...
Salvato in:
| Natura: | Capitolo di libro |
|---|---|
| Lingua: | slovacco |
| Soggetti: | |
| Tags: |
Nessun Tag, puoi essere il primo ad aggiungerne!!
|
MARC
| LEADER | 00000naa a2200000 4500 | ||
|---|---|---|---|
| 001 | 0241891 | ||
| 005 | 20180412092629.2 | ||
| 041 | 0 | |a slo | |
| 044 | |a CZ | ||
| 245 | 1 | 0 | |a NBS: Darí sa nám dobre, ale dlhy rastú príliš rýchlo |
| 520 | |a Vývoj slovenskej ekonomiky z pohľadu NBS. Medzi kľúčové posolstvá z poslednej Správy o finančnej stabilite 2017 patria: rast úverov pri nízkych sadzbách, zvýšená zadlženosť domácností, prehblujúce sa riziko likvidity a výrzaný rast financovania podnikového sektora. Najnovšia informácia sa týka ďalšieho plánovaného sprísnenia poskytovania úverov občanov. | ||
| 610 | 2 | 0 | |a banky |
| 610 | 2 | 0 | |a hospodárstvo národné |
| 610 | 2 | 0 | |a Slovensko |
| 610 | 2 | 0 | |a vývoj hospodársky |
| 610 | 2 | 0 | |a stabilita finančná |